Matthew McConaughey Movies: Sudden Death - Statistics

General Stats
  • This quiz has been taken 351 times
  • The average score is 6 of 23
Answers on the Grid
Answers color-coded by a green-red scale on the quiz's grid according to % correct below.
Sahara
War Dogs
A Time to Kill
Ford v. Ferrari
Killer Joe
The Firm
Interstellar
We Are Marshall
Something's Gotta Give
The Wedding Planner
Troop Zero
Magic Mike
Free State of Jones
White Boy Rick
How to Lose a Guy in 10 Days
The Bee Movie
Failure to Launch
U-571
Deep Impact
Amistad
Never Been Kissed
Breach
Road to Perdition
The Gentlemen
Stranger Than Fiction
Dazed and Confused
Limitless
Contact
The Proposal
The Lincoln Lawyer
Sing
The Mummy
The Wolf of Wall Street
Dirt
The Departed
Dallas Buyers Club
Magic Mike XXL
Serenity
Ghosts of Girlfriends Past
Boys on the Side
 
Answer Stats
Answer % Correct
Interstellar
68%
How to Lose a Guy in 10 Days
53%
Dallas Buyers Club
47%
The Wolf of Wall Street
47%
Sahara
41%
Magic Mike
39%
A Time to Kill
37%
The Lincoln Lawyer
34%
Failure to Launch
32%
Dazed and Confused
30%
The Gentlemen
30%
The Wedding Planner
28%
We Are Marshall
20%
Killer Joe
19%
Free State of Jones
18%
Ghosts of Girlfriends Past
18%
White Boy Rick
16%
Sing
12%
Amistad
11%
Contact
11%
U-571
9%
Serenity
8%
Boys on the Side
1%
No matching quizzes found
Score Distribution
Percent of People with Each Score
Percentile by Number Answered
Your Score History
You have not taken this quiz